Sur quelle île sont-ils nés ? - Statistiques

Statistiques générales
  • Ce quiz a été pris 912 fois
  • Le résultat moyen est 10 sur 20
Statistiques - réponses
Personnalité Île de naissance % Correct
Napoléon Corse
97%
Fidel Castro Cuba
93%
Bob Marley Jamaïque
88%
Bono Irlande
69%
Rihanna Barbade
62%
Cristiano Ronaldo Madère
61%
Toussaint Louverture Hispaniola
58%
Aimé Césaire Martinique
57%
Rafael Nadal Majorque
55%
Archimède Sicile
52%
Leif Erikson Islande
50%
William Shakespeare Grande-Bretagne
47%
Jackie Chan Hong Kong
41%
Rolland Garros La Réunion
40%
Hayao Miyazaki Honshu
34%
Suharto Java
25%
Joaquin Phoenix Porto Rico
22%
Robert De Niro Manhattan
17%
Edmund Hillary Île du Nord (NZ)
11%
Mylène Farmer Île de Montréal
8%
Aucun quiz correspondant
Distribution des résultats
% des personnes avec chaque résultat
Percentile par nombre de réponses
Votre historique - résultats
Vous n’avez pas pris ce quiz